Who Was President When...? Quiz Stats

 Plays Quiz Updated Jun 22, 2018

Challenge
Share
Tweet
Embed
Score 0/20 Timer 05:00
1 Play Today
Question Answer Wrong Answers
Watergate Scandal Richard Nixon
94.6%
John F. Kennedy
0.6%
Lyndon B. Johnson
0.7%
Gerald Ford
0.9%
Cuban Missile Crisis John F. Kennedy
90.3%
Richard Nixon
1.9%
Jimmy Carter
2%
Ronald Reagan
2.6%
Emancipation Proclamation Abraham Lincoln
89.7%
George Washington
2.4%
Ulysses S. Grant
2.9%
Theodore Roosevelt
1.8%
World War II Franklin D. Roosevelt
87.8%
Woodrow Wilson
2.1%
Herbert Hoover
1.2%
Dwight D. Eisenhower
5.9%
World War I Woodrow Wilson
82.2%
William McKinley
3.5%
Theodore Roosevelt
8.2%
William H. Taft
2.9%
Iran Hostage Crisis Jimmy Carter
81.5%
Gerald Ford
6.5%
Lyndon B. Johnson
3.8%
Richard Nixon
5%
Desert Storm George H. W. Bush
76.5%
Bill Clinton
3.8%
George W. Bush
15.3%
Barack Obama
1.2%
Space Shuttle Challenger disaster Ronald Reagan
74.2%
Gerald Ford
6.8%
Jimmy Carter
7.4%
George H.W. Bush
8.3%
The North American Free Trade Agreement (NAFTA) is signed Bill Clinton
74.2%
George W. Bush
6.9%
Barack Obama
6.7%
George H.W. Bush
8.9%
Louisiana Purchase Thomas Jefferson
73.2%
George Washington
2%
James Madison
8.6%
James Monroe
12.9%
Assassination of Martin Luther King, Jr. Lyndon B. Johnson
71.8%
John F. Kennedy
14.4%
Richard Nixon
7.9%
Dwight D. Eisenhower
2.7%
Indian Removal Act, which led to the Trail of Tears, is signed Andrew Jackson
70.9%
Martin Van Buren
8.3%
John Tyler
6.9%
James K. Polk
10.4%
Black Tuesday Herbert Hoover
70.5%
Abraham Lincoln
2.2%
Warren G. Harding
9.7%
Calvin Coolidge
14.2%
Brown v. Board of Education Dwight D. Eisenhower
59.7%
John F. Kennedy
8.5%
Lyndon B. Johnson
23.3%
Richard Nixon
5%
Founding of the United Nations Harry S. Truman
57.4%
Woodrow Wilson
18.9%
Franklin D. Roosevelt
11.8%
Dwight D. Eisenhower
8.8%
Teapot Dome Scandal Warren G. Harding
55.6%
William H. Taft
25.8%
Woodrow Wilson
6.6%
Herbert Hoover
8.4%
War of 1812 James Madison
51.9%
Thomas Jefferson
8.5%
James Monroe
20.1%
Andrew Jackson
16.3%
Transatlantic flight by Charles Lindbergh Calvin Coolidge
50.9%
Herbert Hoover
18.5%
Warren G. Harding
14.9%
Franklin D. Roosevelt
12.2%
California officially gains statehood Millard Fillmore
34.1%
Franklin Pierce
25.7%
Martin Van Buren
18.2%
James Buchanan
18.6%
Formation of the Confederate States of America James Buchanan
32.6%
Franklin Pierce
5.7%
Abraham Lincoln
48%
Andrew Johnson
10.5%

You're not logged in!

Compare scores with friends on all Sporcle quizzes.
Join for Free
OR
Log In

You Might Also Like...

Show Comments

Extras

Top Quizzes Today


Score Distribution

Your Account Isn't Verified!

In order to create a playlist on Sporcle, you need to verify the email address you used during registration. Go to your Sporcle Settings to finish the process.

Report this User

Report this user for behavior that violates our Community Guidelines.

Details: